000 00773nam a22002297a 4500
999 _c2080
_d2080
003 AR-CdUCM
008 190301b ||||| |||| 00| 0 esp d
020 _aISBN
040 _aMUNICIPALIDAD PROVINCIAL DEL CUSCO
_cBIBLIOTECA MUNICIPAL DEL CUSCO
082 _a869.5 /
_bT153
100 _aTamayo Vargas, Augusto
_91952
245 _aLiteratura peruana /
_cAugusto Tamayo Vargas.
260 _aLima :
_bDomingo Miranda,
_c1953.
300 _a338 paginas ;
_c25 cm.
505 _aEl medio y el habitante -- Literatura quechua -- Literatura de la conquista y el virreynato.
650 _aLiteratura peruana
_9169
650 _aCantares
_97522
650 _aLiteratura dramatica
_97523
650 _aLos cronistas
_97524
942 _2ddc
_cLIBROS
945 _aacrt
_d2019-03-01